| 000 | 01102cam a22003134a 4500 | ||
|---|---|---|---|
| 001 | 16654791 | ||
| 003 | NUST-PNEC | ||
| 005 | 20170116181034.0 | ||
| 008 | 110216s2012 flua 001 0 eng | ||
| 010 | _a 2011003317 | ||
| 020 | _a- | ||
| 020 | _a- | ||
| 035 | _a(OCoLC)ocn587110166 | ||
| 040 |
_aDLC _cLIBRARY _dYDX _dBTCTA _dYDXCP _dBWX _dDLC |
||
| 042 | _apcc | ||
| 050 | 0 | 0 | _aTJ26 |
| 082 | 0 | 0 | _a621.4021 CRA |
| 100 | 1 |
_aCrawford, Franzo H. _911265 |
|
| 245 | 1 | 0 |
_aThermodynamics for engineers _cFranzo H. Crawford |
| 260 | _cc.1968 | ||
| 300 |
_a1 v. (various pagings) : _bill. ; _c25 cm. |
||
| 490 | 1 | _aMechanical engineering series | |
| 500 | _aIncludes index. http://www.amazon.com/Thermodynamics-Engineers-Mechanical-Aerospace-Engineering/dp/143984559X/ref=sr_1_1?s=books&ie=UTF8&qid=1409746719&sr=1-1&keywords=9781439845592 | ||
| 650 | 0 |
_aThermodynamics. _xME |
|
| 830 | 0 | _aCRC mechanical engineering series. | |
| 906 |
_a7 _bcbc _corignew _d1 _eecip _f20 _gy-gencatlg |
||
| 942 |
_2ddc _cBK |
||
| 999 |
_c67847 _d67847 |
||